| 000 | 00000nas##2200000za#4500 |
| 001 | 9.503728 |
| 003 | CaOODSP |
| 005 | 20200325093832 |
| 007 | cr ||||||||||| |
| 008 | 150406c2002||||xxc|| p o||||f| |0fre|d |
| 022 | |a1709-3813 |
| 040 | |aCaOODSP|bfre |
| 043 | |an-cn--- |
| 086 | 1 |aMR1-16F-PDF |
| 110 | 1 |aCanada.|bInstituts de recherche en santé du Canada. |bInstitut de l'appareil locomoteur et de l'arthrite. |
| 245 | 10|aInstitut de l'appareil locomoteur et de l'arthrite - rapport annuel |h[ressource électronique] |
| 260 | |aCalgary - Alberta : |bInstituts de recherche en santé du Canada. |
| 310 | |aAnnuel |
| 362 | 1 |a2001/2002-- |
| 691 | 07|aArthrite|2gcpds |
| 775 | 08|tInstitute of Musculoskeletal Health and Arthritis - annual report |w(CaOODSP)9.507337 |
| 785 | 00|tInstitute of Musculoskeletal Health and Arthritis annual report |w(CaOODSP)9.500001 |